000 04319cam a22012734i 4500
003 PE-LiUPU
005 20250813185409.0
008 171110s2013 pe a rb 000 0 spa d
020 _a9786124146299
035 _a(Sirsi) a240041
040 _aPE-LiUPU
_bspa
_cPE-LiUPU
_erda
049 _aPRUA
082 0 4 _a307.76
_bC235c
100 _9557
_aCanziani Amico, José
_eEditor
245 0 0 _aCiudades intermedias y desarrollo territorial /
_cJosé Canziani, Alexander Schejtman.
264 1 _aLima :
_bFondo Editorial Pontificia Universidad Catolica del Peru.
_c2013.
300 _a258 páginas :
_bilustraciones ;
_c24 centímetros
336 _atext
_2rdacontent
337 _aunmediated
_2rdamedia
338 _avolume
_2rdacarrier
504 _aBibliografía: páginas al final de cada parte.
505 0 _aFernando Carrión. ciudades intermedias: entre una pirámide trunca y una red urbana en construcción -- Alexander Schejtman. desarrollo territorial rural y ciudades intermedias -- Ricardo Vergara. ciudades rurales y superación de la pobreza extrema -- María Isabel Remy. reflexiones sobre lo rural (y lo urbano) en el Perú -- Raúl Hernández Asencio y Carolina Trivelli Ávila. ¿el ocaso de las ciudades intermedias? Urcos y las dinámicas territoriales del sur de Cusco -- José Canziani, Bruno Revesz y Pedro Belaunde. Piura: ciudades intermedias y desarrollo teritorial -- Marta Vilela y Zaniel Novoa. redes de ciudades en el valle bajo del jequetepeque, costa norte del Perú -- Pablo Vega Centeno y Jorge Andrés Solano S. desarrollo urbano en Cajamarca: Entre dinámicas territoriales y globales -- Bernard Decléve. los relatos de la apertura en la hiperciudad europea -- Alberto Magnaghi. pacto ciudad-campo: un proyecto de biorregión urbana para la toscana central -- Anna Marson. la planificación multifuncional del territorio rural como dispositivo para calificar lo urbano: las experiencias italianas.
526 _aP202
526 _aP201
526 _aP163
526 _aP162
526 _aP161
526 _aP160
526 _aP148
526 _aP147
526 _aP146
526 _aP145
526 _aP144
526 _aP143
526 _aP142
526 _aP141
526 _aP140
526 _aP139
526 _aP138
526 _aP137
526 _aP136
526 _aP135
526 _aP134
526 _aP133
526 _aP129
526 _aP128
526 _aP127
526 _aP120
526 _aP119
526 _aP118
526 _aP116
526 _aP115
526 _aP114
526 _aP110
526 _aP109
526 _aP108
526 _aP104
526 _aP103
526 _aP102
526 _aP99
526 _aP98
526 _aP97
526 _aP96
526 _aP95
526 _aP93
526 _aP90
526 _aP89
526 _aP88
526 _aP83
526 _aP82
526 _aP62
526 _aP59
526 _aP58
526 _aP57
526 _aP51
526 _aP49
526 _aP48
526 _aP47
526 _aP29
526 _aP24
526 _aP20
526 _aP19
526 _aP17
526 _aP15
526 _aP14
526 _aP12
526 _aP10
526 _aP09
526 _aP08
526 _aP07
526 _aP06
526 _aP05
526 _aP04
526 _aP01
526 8 _iPrograma académico :
_5PE-LiUPU
650 1 0 _aCiudades y pueblos
_zPerú
_9558
_vEnsayos, conferencias, etc.
_xAspectos sociales
650 0 0 _aUrbanismo
_zPerú.
_9559
_xAspectos sociales
650 0 0 _aDesarrollo rural
_zPerú.
_9560
700 _aSchejtman, Alexander
_eEditor.
_9561
710 _9546
_aPontificia Universidad Católica del Perú
_eAutor.
710 _9562
_aCentro Latinoamericano para el Desarrollo Rural
_eAutor.
910 _adbm
910 _adbm
942 _2ddc
_cBOOK
_n0
980 _81
_gALBERTO SANCHEZ Responsable de Automatización
999 _c25705
_d25705